Hegel

-д хадгалсан:
Номзүйн дэлгэрэнгүй
Үндсэн зохиолч: Papaioannou, Kostas (auteur)
Формат: Ном
Хэл сонгох:франц
Хэвлэсэн: París Seghers 1962
Цуврал:Philosophes de Tous les Temps, 2
Нөхцлүүд:
Шошгууд: Шошго нэмэх
Шошго байхгүй, Энэхүү баримтыг шошголох эхний хүн болох!

MARC

LEADER 00000nam a2200000 a 4500
001 UCZ2752
003 CL-VaPUC
005 20230421074439.0
008 951006e19620000FR |||||||||||||||||fre|d
999 |c 239307  |d 239305 
040 |c Pontificia Universidad Católica de Valparaíso 
082 0 4 |a 141  |b PAP  |2 21 
100 |a Papaioannou, Kostas  |e auteur  |9 346510 
245 1 0 |a Hegel 
260 |a París  |b Seghers  |c 1962 
300 |a 206 p 
490 0 |a Philosophes de Tous les Temps, 2 
583 |a last modification  |c 19951006 00:00:00  |k Rodrigo Vera 
600 0 |a Hegel, Georg Wilhelm Friedrich  |d 1770-1831  |9 860268 
650 0 |a Idealismo  |9 265685 
650 0 |a Filosofía alemana   |9 265002 
650 7 |a HEGELIANISMO  |2 CL-VaPUC  |9 335839 
650 0 |a Escuelas filosóficas   |9 266232 
650 0 |a Dialéctica  |9 257902 
942 |c BK  |2 ddc 
945 |d 19951006 00:00:00  |a cmena 
952 |0 0  |1 0  |4 0  |6 141_000000000000000_PAP_1962  |7 0  |8 P  |9 250357  |a BIBEDU  |b BIBEDU  |c BIBEDU_PB  |d 2019-11-18  |i 1581481  |o 141 PAP 1962  |p 1581481  |r 2024-01-25  |w 2019-11-18  |y BK  |k FIL